| 000 | 01215nam a2200301 a 4500 | ||
|---|---|---|---|
| 001 | BRCA_221 | ||
| 005 | 20190320202925.0 | ||
| 008 | 910926s1989 mx-a---##b---#001-0#spa-# | ||
| 020 | _a9687193050 | ||
| 040 |
_aDLC _cDLC _dDLC |
||
| 041 | _aspaeng | ||
| 050 | 4 |
_aF1211 _b.T33 1989 |
|
| 245 | 1 | 0 |
_aTestimonios de viaje _b1823-1873 _c[editor Mario de la Torre ; investigación histórica y textos, Elena Horz de Vía]. |
| 260 |
_aMéxico _bSmurfit Cartón y Papel de México _c1989 |
||
| 300 |
_a227 p. _bil. (algunas a color), mapas _c30 cm. |
||
| 440 | 0 |
_aColección CPM [Cultura y Pasado de México] _9764 |
|
| 500 | _aIncluye índice de artistas e índice onomástico | ||
| 500 | _aIncluye información sobre piezas de la Colección Franz Mayer : p. 11-13, 16-18, 27, 48, 73, 75, 134-136, 138-140, 147, 189, 170, 196, 212 y 213 | ||
| 504 | _aBibliografía: p. 226-227 | ||
| 546 | _aTexto en : español e inglés | ||
| 650 | 1 | 4 |
_aViajeros _ySiglo XIX _zMéxico _9765 |
| 650 | 1 | 4 |
_aCarreteras _xHistoria _ySiglo XIX _zMéxico _9766 |
| 651 | 4 |
_aMéxico _xDescripción y viajes _9103 |
|
| 653 | 0 | _aViajeros extranjeros | |
| 700 | 1 |
_aTorre, Mario de la _9657 |
|
| 700 | 1 |
_aHorz de Vía, Elena _9499 |
|
| 942 |
_2lcc _cB |
||
| 999 |
_c181 _d181 |
||